000
00339 a2200133 4500
000
nam a22 7a 4500
100
_a
Pushpa Singh
110
_a
Pushpa Singh
245
_a
Methods and Approaches in Comparative Political Analysis
250
_a
latest edition
260
_b
Routledge
_c
2025
264
_b
Routledge
_c
2025
942
_c
BK
999
_c
395335
_d
395335